| 000 | 00932nas a2200301 4500 | ||
|---|---|---|---|
| 001 | BR0600468 | ||
| 003 | BR-BrBNA | ||
| 005 | 20231205105817.0 | ||
| 007 | ta | ||
| 008 | 230509b bl.|||p| |||| 00| 00por d | ||
| 040 |
_aBR-BrBNA _bpor _cBiblioteca Nacional de Agricultura |
||
| 041 | _a(Pt) | ||
| 072 | _aE50; L70 | ||
| 100 | 1 | _aCampos, K.E. | |
| 100 | 1 | _aBalbi, A.P.C. | |
| 100 | 1 | _aAlves, M.J.Q.F. | |
| 245 | 1 | _aEfeitos do extrato aquoso de cebola (Allium cepa L.)sobre a função renal e a pressão arterial em ratos wistar | |
| 650 | _aCEBOLA | ||
| 650 | _aEXTRATO | ||
| 650 | _aPLANTA MEDICINAL | ||
| 650 | _aEXPERIÊNCIA DE LABORATÓRIO | ||
| 650 | _aRATO BRANCO | ||
| 650 | _aPRESSÃO ARTERIAL | ||
| 650 | _aRIM | ||
| 773 | 0 |
_tRevista Brasileira de Plantas Medicinais (Brazil) _xISSN 1516-0572 _g(Oct 2005), v. 8(1) p. 24-29 _wBR0600468 |
|
| 909 |
_a202311 _bLúcia _c55 _dLúcia Elande |
||
| 942 |
_2AGRIS _n0 _cANA |
||
| 999 |
_c184793 _d184793 |
||